Ελληνική παιδεία : μια σύγχρονη τραγωδία

Αποθηκεύτηκε σε:
Λεπτομέρειες βιβλιογραφικής εγγραφής
Κύριος συγγραφέας: Ψαχαρόπουλος, Γιώργος Α.
Άλλοι συγγραφείς: Τασούλας, Στέργιος (edt [Επιμελητής])
Μορφή: Βιβλίο
Γλώσσα:Greek
Δημοσίευση: Αθήνα : Σιδέρης, Ινστιτούτο Δημοκρατίας Κωνσταντίνος Καραμανλής, 2003.
Θέματα:
Ετικέτες: Προσθήκη ετικέτας
Δεν υπάρχουν, Καταχωρήστε ετικέτα πρώτοι!

MARC

LEADER 00000cam a2200000 i 4500
001 1/45631
008 031128s2003 gr | ||| |||| ||gre||
020 |a 9600802793 
035 |l 10071756 
040 |a GR-MY-UA  |b gre  |e aacr 
041 0 |a gre 
082 7 |a 370.9495   |2 (22) 
100 1 |a Ψαχαρόπουλος, Γιώργος Α. 
245 1 0 |a Ελληνική παιδεία :   |b μια σύγχρονη τραγωδία /   |c Γιώργος Ψαχαρόπουλος ; επιμέλεια: Στέργιος Τασούλας.  
260 |a Αθήνα :   |b Σιδέρης,   |b Ινστιτούτο Δημοκρατίας Κωνσταντίνος Καραμανλής,   |c 2003.  
300 |a 270 σ. ;   |c 21 εκ.  
650 0 0 |a Education  |z Greece. 
650 0 0 |a Community and school  |z Greece. 
650 0 0 |a Education and state  |z Greece. 
650 0 0 |a Educational psychology. 
700 1 |a Τασούλας, Στέργιος,  |e edt [Επιμελητής] 
852 |a INST  |b RHODES  |e 20031128  |h 370.9495 ΨΑΧ  |p 005400019912  |q 005400019912  |t BK  |y 0 
901 |a BIBL4-2003-3 
909 |a Ρ  |b 105002 
970 |a ΚΟΥΛΑΚΙΟΤΗ  |b ΛΙΤΣΑ  |z 2003/11/28